000
00324nam a22001337a 4500
008
181023b xxu||||| |||| 00| 0 eng d
020
_a
9780312674892
041
_a
eng
080
_2
2nd
_a
371
100
_a
46
101
_a
EDU
245
_a
How to Write Anything A Guide and Reference
_c
Ruszkiewicz,J,J
942
_2
udc
_c
BK
999
_c
50649
_d
50649